Animaux - lettre C - Statistiques

Statistiques générales
  • Ce quiz a été pris 186 fois
  • Le résultat moyen est 26 sur 36
Statistiques - réponses
Par images Réponse % Correct
Canard
98%
Cochon
98%
Chat
97%
Coccinelle
97%
Caméléon
96%
Chameau
96%
Chenille
96%
Cheval
96%
Castor
95%
Cerf
95%
Crabe
95%
Crocodile
95%
Chauve-souris
94%
Corbeau
94%
Chouette
90%
Chimpanze
89%
Cobra
88%
Crapaud
88%
Cochon d'Inde
84%
Colibri
83%
Cachalot
79%
Cigogne
64%
Chamois
62%
Chinchilla
59%
Capybara
58%
Chacal
55%
Caribou
53%
Coyote
51%
Calmar
47%
Cloporte
44%
Caracal
37%
Casoar
37%
Chien de prairie
33%
Cabillaud
16%
Coati
16%
Cœlacanthe
15%
Aucun quiz correspondant
Distribution des résultats
% des personnes avec chaque résultat
Percentile par nombre de réponses
Votre historique - résultats
Vous n’avez pas pris ce quiz